000 00279nam a22001337a 4500
008 180921b xxu||||| |||| 00| 0 eng d
020 _a0486218007
041 _aeng
080 _a574
100 _a9
101 _aMJE
245 _aWinter Botany
_cTrelease,W
942 _2udc
_cBK
999 _c48219
_d48219